La protección de los derechos constitucionales en la regulación del audiovisual
Tallennettuna:
| Päätekijät: | , , , , , , |
|---|---|
| Aineistotyyppi: | Kirja |
| Kieli: | espanja |
| Julkaistu: |
Valencia
Tirant lo Blanch
2015
|
| Sarja: | Monografías, 1007
|
| Aiheet: | |
| Tagit: |
Lisää tagi
Ei tageja, Lisää ensimmäinen tagi!
|
MARC
| LEADER | 00000cam a2200000 a 4500 | ||
|---|---|---|---|
| 001 | UCC9317 | ||
| 003 | CL-VaPUC | ||
| 008 | 190927e20150000sp |||||||||||||||||spa|d | ||
| 020 | |a 9788490866481 | ||
| 082 | 0 | 4 | |a 342.0853 |b MED |2 21 |
| 100 | 0 | |a Medina Guerrero, Manuel |e author |9 604321 | |
| 700 | 0 | |a Barrero Ortega, Abraham |e author |9 604322 | |
| 700 | 0 | |a Rodríguez Ruiz, Blanca |e author |9 604323 | |
| 700 | 0 | |a Saldaña, María Nieves |e author |9 604324 | |
| 700 | 0 | |a Naranjo Román, Rosario |e author |9 604325 | |
| 700 | 0 | |a Contreras Navidad, Salvador |e author |9 604326 | |
| 700 | 0 | |a Vázquez Alonso, Víctor J |e author |9 604327 | |
| 245 | 1 | 3 | |a La protección de los derechos constitucionales en la regulación del audiovisual |
| 300 | |a 269 p | ||
| 942 | |c BK | ||
| 945 | |d 20190927 15:31:00 |a cmena | ||
| 260 | |a Valencia |b Tirant lo Blanch |c 2015 | ||
| 650 | 0 | |a Derechos humanos |9 223025 | |
| 650 | 0 | |a Libertad de información |9 257205 | |
| 650 | 0 | |a Libertad de prensa |9 255610 | |
| 650 | 0 | |a Medios de comunicación |9 257206 | |
| 650 | 7 | |a DISCRIMINACION POR GENERO |2 CL-VaPUC |9 475707 | |
| 583 | |a last modification |c 20190927 15:31:00 |k Rodrigo Vera | ||
| 490 | 0 | |a Monografías, 1007 | |
| 999 | |c 375503 |d 375501 | ||
| 952 | |0 0 |1 0 |3 erb |4 0 |6 342_085300000000000_MED_2015 |7 0 |8 WP_COW |9 561368 |a BIBDER |b BIBDER |e Fundación W and P Cowley |i 5600472 |o 342.0853 MED 2015 |p 5600472 |r 2023-01-25 |w 2020-03-12 |y BK |z Catalogado en:20190927 |k WPC | ||